Gaming Quiz

Random Gaming or Mixed Word Quiz

Mixed Word: 5 Letter Pokemon Quiz Stats

 Plays Quiz not verified by Sporcle

Challenge
Share
Tweet
Embed
Score 0/20 Timer 02:00
0 Plays Today
Jumble Pokémon % Correct
VEEEEEEVEE
81.4%
SNAKEEKANS
73.1%
UDOODDODUO
63.1%
PIGETTEPIG
59.1%
UZBTAZUBAT
58.4%
AARPSPARAS
57.3%
UPHCIPICHU
55.2%
GMOLEGOLEM
55.2%
NNUIMMINUN
55.2%
GMOLOGLOOM
50.9%
Jumble Pokémon % Correct
RMTOOROTOM
48.7%
GKNLAKLANG
45.5%
FZLEAAZELF
44.4%
ONIDEDEINO
38%
UBYRMBURMY
35.5%
LOASBABSOL
33.7%
EEITNENTEI
33.3%
NANUMMUNNA
32.6%
OAMPIAIPOM
31.5%
YONPHHYPNO
25.4%

You're not logged in!

Compare scores with friends on all Sporcle quizzes.
Join for Free
OR
Log In

You Might Also Like...

Show Comments

Extras

Top Quizzes Today


Score Distribution

Your Account Isn't Verified!

In order to create a playlist on Sporcle, you need to verify the email address you used during registration. Go to your Sporcle Settings to finish the process.

Report this User

Report this user for behavior that violates our Community Guidelines.

Details: